|
|
|
|
| LEADER |
00874nam a22002531 4500 |
| 001 |
c000361651 |
| 003 |
CARM |
| 005 |
00000000000000.0 |
| 008 |
851113s1966 nyu 0 eng d |
| 019 |
1 |
|
|a 4142692
|z 45117004
|5 LACONCORD2021
|
| 035 |
|
|
|a (OCoLC)219362057
|5 LACONCORD2021
|
| 100 |
1 |
|
|a Dunlop, John Thomas.
|
| 245 |
1 |
0 |
|a Wage determination under trade unions.
|
| 250 |
|
|
|a 2nd ed.
|
| 260 |
|
|
|a N.Y. :
|b Kelley,
|c 1966.
|
| 490 |
0 |
|
|a Reprints of economic classics
|
| 500 |
|
|
|a Second ed. orig. pub. 1950.
|
| 650 |
|
0 |
|a Trade-unions.
|
| 650 |
|
0 |
|a Collective bargaining.
|
| 650 |
|
0 |
|a Wage determination
|
| 852 |
8 |
|
|b CARM
|h A1:AL04B0
|i B09869
|p 0444514
|f BK
|
| 082 |
0 |
4 |
|a 331.21
|
| 999 |
f |
f |
|i b4061f9d-5834-5332-922b-a5cd306cdfd7
|s cda488e4-898c-5159-bb4c-0399bd1465fd
|
| 952 |
f |
f |
|p Can circulate
|a CAVAL
|b CAVAL
|c CAVAL
|d CARM 1 Store
|e B09869
|f A1:AL04B0
|h Other scheme
|i book
|m 0444514
|